Vista normal
Vista MARC
- Gallego García, Laura,
Entrada Nombre Personal
Número de registros utilizados en: 8
001 - NUMERO DE CONTROL
- campo de control: 31781
003 - IDENTIFICADOR DE NUMERO DE CONTROL
- campo de control: UPN
005 - FECHA Y HORA DE LA ÜLTIMA TRANSACCIÓN
- campo de control: 20210219194426.0
008 - DATOS DE LONGITUD FIJA
- campo de control de longitud fija: nabaccnnaabn|||||||||| b |nc|||||d
035 ## - NUMERO DE CONTROL
- Número de control: UPN11000003887
040 ## - FUENTE DE CATALOGACIÓN
- Lenguaje de catalogación: SPA
- Agencia de transcripción: UPN
053 #4 - NÚMERO DE CLASIFICACIÓN LC
- Número de clasificación elemento-número único o número inicial de tramo: PQ6657 A5.5
100 1# - ENCABEZAMIENTO - NOMBRE PERSONAL
- Nombre personal: Gallego García, Laura,
- Fechas asociadas con el nombre: 1977-
400 1# - VEÁSE - NOMBRE DE PERSONA
- Personal name: Gallego, Laura,
- Dates associated with a name: 1977-
670 ## - FUENTE EN LA QUE SE LOCALIZARON DATOS
- Cita de la fuente: LC
680 ## - NOTA PUBLICA DE ACCESO PÚBLICO
- Frase explicativa de la referencia: Escritora española
902 ## - CATALOGADOR
- Catalogador: CAA/260112